Search the Library Catalogue
| 000 -LEADER | |
|---|---|
| fixed length control field | 00624nam a2200205Ia 4500 |
| 008 - FIXED-LENGTH DATA ELEMENTS--GENERAL INFORMATION | |
| fixed length control field | 191130s1972##################000#0#eng## |
| 020 ## - INTERNATIONAL STANDARD BOOK NUMBER | |
| International Standard Book Number | 9780521290630 |
| 022 ## - INTERNATIONAL STANDARD SERIAL NUMBER | |
| International Standard Serial Number | 70184904 |
| 040 ## - CATALOGING SOURCE | |
| Original cataloging agency | ACL |
| Transcribing agency | ACL |
| 082 ## - DEWEY DECIMAL CLASSIFICATION NUMBER | |
| Classification number | 496.3 BRO |
| 100 ## - MAIN ENTRY--PERSONAL NAME | |
| Personal name | Brown, Gillian |
| 245 ## - TITLE STATEMENT | |
| Title | Phonological rules and dialect variation; a study of the phonology of Lumasaaba |
| Statement of responsibility, etc. | Gillian Brown |
| 260 ## - PUBLICATION, DISTRIBUTION, ETC. | |
| Place of publication, distribution, etc. | Cambridge |
| Name of publisher, distributor, etc. | University Press |
| Date of publication, distribution, etc. | 1972 |
| 300 ## - PHYSICAL DESCRIPTION | |
| Extent | xiii, 191 p. map. 24 cm |
| 500 ## - GENERAL NOTE | |
| General note | Bibliography: p. 184-187 |
| 650 ## - SUBJECT ADDED ENTRY--TOPICAL TERM | |
| Topical term or geographic name entry element | Gisu language - Phonology |
| 990 ## - EQUIVALENCES OR CROSS-REFERENCES [LOCAL, CANADA] | |
| Link information for 9XX fields | 937a5ccaac10000c233e13831d952657 |
| 991 ## - | |
| -- | 416725 |
| Withdrawn status | Lost status | Damaged status | Not for loan | Home library | Current library | Date acquired | Total Checkouts | Full call number | Barcode | Date last seen | Price effective from | Koha item type |
|---|---|---|---|---|---|---|---|---|---|---|---|---|
| Anna Centenary Library | Anna Centenary Library | 09.10.2020 | 496.3 BRO | 238912 | 09.10.2020 | 09.10.2020 | Books |